Marcatori dell'Inter in UEFA Champions League 2018-2019 - Statistics

Statistiche generali
  • Questo quiz è stato fatto 27 volte
  • Il punteggio medio è 6 su 6
Statistiche sulle risposte
Partita Minuto Marcatore % Corretto
Inter - Tottenham 2-1 86' Mauro Icardi
100%
PSV - Inter 1-2 60' Mauro Icardi
100%
Inter - Barcellona 1-1 87' Mauro Icardi
100%
Inter - PSV 1-1 73' Mauro Icardi
100%
Inter - Tottenham 2-1 92' Matías Vecino
92%
PSV - Inter 1-2 44' Radja Nainggolan
60%
Nessun quiz corrispondente trovato
Distribuzione punteggi
Percentuale di utenti per punteggio
Percentile per numero di risposta
I tuoi punteggi nel tempo
Non hai fatto questo quiz